000 00787cam a2200265 a 4500
001 57459
003 CO-BoRNBP
005 20250702160002.0
007 ta
008 890518s1982 r 1 d
020 _a8424616057
040 _ala
_cla
082 0 4 _aI849.93
_bL47c
100 1 _aLissón, Asunción.
_960712
245 1 3 _aEl cuento de ratapón /
_cadaptación de Asunción Lissón ; ilustraciones de María Rius.
250 _a1a. edición
300 _a[24] p. :
_bil. [col.] ;
_c22 cm.
336 _2rdacontent
_atexto
_btxt
337 _2rdamedia
_asin mediación
_bn
338 _2rdacarrier
_avolumen
_bnc
650 7 _aCuentos infantiles catalanes.
_2BLAAUTO
700 1 _aRius i Camps, María,
_d1938-
_eil.
_960713
942 _2ddc
_cBK
949 _an
_bn
999 _c57459
_d57459